书目信息 |
| 题名: |
园林景观设计详图CAD图集
|
|
| 作者: | 黄椿雁 , 李辰 主编 | |
| 分册: | 桥、树池、花池专辑 | |
| 出版信息: | 北京 中国电力出版社 2009.05 |
|
| 页数: | 259页 | |
| 开本: | 31cm | |
| 丛书名: | 筑龙网图库系列 | |
| 单 册: | ||
| 中图分类: | TU986.2-39 | |
| 科图分类: | ||
| 主题词: | 园林设计--计算机辅助设计--图集 , 园林设计 , 计算机辅助设计 | |
| 电子资源: | ||
| ISBN: | 978-7-5083-8571-6 | |
| 000 | 01199oam2 2200325 450 | |
| 001 | 010700068904 | |
| 005 | 20091208161645.67 | |
| 010 | @a978-7-5083-8571-6@b精装@dCNY88.00(含光盘) | |
| 100 | @a20090508d2009 em y0chiy0110 ea | |
| 101 | 0 | @achi |
| 102 | @aCN@b110000 | |
| 105 | @aak z 000yy | |
| 106 | @ar | |
| 200 | 1 | @a园林景观设计详图CAD图集@9yuan lin jing guan she ji xiang tu CAD tu ji@i桥、树池、花池专辑@f黄椿雁,李辰主编 |
| 210 | @a北京@c中国电力出版社@d2009.05 | |
| 215 | @a259页@d31cm@e1光盘 | |
| 225 | 2 | @a筑龙网图库系列 |
| 304 | @a筑龙网组编 | |
| 312 | @a封面英文题名:Landscape design and detail drawing | |
| 330 | @a本书以CAD施工图集的形式详细介绍了景观设计中桥、树池、花池的构造和做法。本书内容丰富,着重突出专业性、实用性,可以帮助园林景观设计人员快速掌握各类桥、树池、花池的详细做法。 | |
| 461 | 0 | @12001 @a筑龙网图库系列 |
| 510 | 1 | @aLandscape design and detail drawing@zeng |
| 606 | 0 | @a园林设计@x计算机辅助设计@j图集 |
| 606 | 0 | @a园林设计 |
| 606 | 0 | @a计算机辅助设计 |
| 690 | @aTU986.2-39@v4 | |
| 701 | 0 | @a黄椿雁@9huang chun yan@4主编 |
| 701 | 0 | @a李辰@9li chen@4主编 |
| 801 | 0 | @aCN@bRENTIAN@c20091208 |
| 905 | @b20795511-16@dTU986.2-39@e483@f6 | |
| 园林景观设计详图CAD图集.桥、树池、花池专辑/黄椿雁,李辰主编.-北京:中国电力出版社,2009.05 |
| 259页;31cm+1光盘.-(筑龙网图库系列) |
| ISBN 978-7-5083-8571-6(精装):CNY88.00(含光盘) |
| 本书以CAD施工图集的形式详细介绍了景观设计中桥、树池、花池的构造和做法。本书内容丰富,着重突出专业性、实用性,可以帮助园林景观设计人员快速掌握各类桥、树池、花池的详细做法。 |
| ● |
| 相关链接 |
|
|
|
|
正题名:园林景观设计详图CAD图集
索取号:TU986.2-39/483
 
预约/预借
| 序号 | 登录号 | 条形码 | 馆藏地/架位号 | 状态 | 备注 |
| 1 | 795511 | 207955113 | 第二样本阅览室/ [索取号:TU986.2-39/483] | 在馆 | |
| 2 | 795512 | 207955122 | 第三借阅区/ [索取号:TU986.2-39/483] | 在馆 | |
| 3 | 795513 | 207955131 | 第三借阅区/ [索取号:TU986.2-39/483] | 在馆 | |
| 4 | 795514 | 207955140 | 第三借阅区/ [索取号:TU986.2-39/483] | 在馆 | |
| 5 | 795515 | 207955159 | 第三借阅区/ [索取号:TU986.2-39/483] | 在馆 | |
| 6 | 795516 | 207955168 | 资源管理系资料室/ [索取号:TU986.2-39/483] | 在馆 |